Understanding children : an interview and observation guide for educators
Shranjeno v:
| Glavni avtor: | |
|---|---|
| Format: | Knjiga |
| Jezik: | Undetermined |
| Izdano: |
Boston
McGraw-Hill Higher Education
2002
|
| Teme: | |
| Oznake: |
Označite
Brez oznak, prvi označite!
|
| Thư viện lưu trữ: | Trung tâm Học liệu Trường Đại học Cần Thơ |
|---|
| LEADER | 00625nam a2200193Ia 4500 | ||
|---|---|---|---|
| 001 | CTU_172010 | ||
| 008 | 210402s9999 xx 000 0 und d | ||
| 020 | |c 7.25 | ||
| 082 | |a 305.231 | ||
| 082 | |b D186 | ||
| 100 | |a Daniels, Denise H. | ||
| 245 | 0 | |a Understanding children : | |
| 245 | 3 | |b an interview and observation guide for educators | |
| 245 | 0 | |c Denise H. Daniels, Lorrie J. Beaumont, Carol A. Doolin. | |
| 260 | |a Boston | ||
| 260 | |b McGraw-Hill Higher Education | ||
| 260 | |c 2002 | ||
| 650 | |a Child development,School children,Nuôi dạy trẻ em | ||
| 980 | |a Trung tâm Học liệu Trường Đại học Cần Thơ | ||